Altamirano
Gorde:
| Egile nagusia: | |
|---|---|
| Formatua: | Liburua |
| Hizkuntza: | gaztelania |
| Argitaratua: |
Buenos Aires
Melquiades
1989
|
| Edizioa: | 1a. ed |
| Saila: | Serie Reporter
|
| Gaiak: | |
| Etiketak: |
Etiketa erantsi
Etiketarik gabe, Izan zaitez lehena erregistro honi etiketa jartzen!
|
MARC
| LEADER | 00000cam a2200000 a 4500 | ||
|---|---|---|---|
| 001 | UCY4612 | ||
| 003 | CL-VaPUC | ||
| 008 | 950320e19890000AG |||||||||||||||||spa|d | ||
| 020 | |a 9506990204 | ||
| 082 | 0 | 4 | |a 983.0646 |b POL |2 21 |
| 100 | 0 | |a Politzer, Patricia |e author |9 333089 | |
| 245 | 1 | 0 | |a Altamirano |
| 250 | |a 1a. ed | ||
| 300 | |a 194 p | ||
| 942 | |c BK | ||
| 945 | |d 19950320 00:00:00 |a mfernand | ||
| 260 | |a Buenos Aires |b Melquiades |c 1989 | ||
| 650 | 7 | |a HISTORIA 1973 |2 CL-VaPUC |9 333090 | |
| 651 | 7 | |a CHILE |2 CL-VaPUC |9 333091 | |
| 583 | |a last modification |c 20160707 02:56:21 |k Rodrigo Vera | ||
| 490 | 0 | |a Serie Reporter | |
| 999 | |c 232412 |d 232410 | ||
| 952 | |0 0 |1 0 |4 0 |6 983_064600000000000_POL_1989 |7 0 |8 A |9 236770 |a BIBHIS |b BIBHIS |d 2019-11-15 |i 306736K |o 983.0646 POL 1989 |p 306736K |r 2025-01-20 |w 2019-11-15 |y BK |k HIS | ||
| 952 | |0 0 |1 0 |4 0 |6 983_064600000000000_POL_1989 |7 0 |8 A |9 236771 |a BIBCUR |b BIBCUR |d 2019-11-15 |i 3298248 |l 1 |o 983.0646 POL 1989 |p 3298248 |r 2025-04-22 |s 2023-08-31 |w 2019-11-15 |y BK |k PER | ||
| 952 | |0 0 |1 0 |3 erb |4 0 |6 983_064600000000000_POL_1989 |7 0 |8 A |9 236772 |a BIBEDU |b BIBEDU |e Villagrán Garnham, Jorge |i 5316235 |o 983.0646 POL 1989 |p 5316235 |r 2019-11-15 |w 2019-11-15 |y BK |z Catalogado en:20160708 |k LIT | ||